[Event "Paracin op 01"]
[Site "Paracin"]
[Date "2022.01.18"]
[Round "2"]
[White "Tosic, Dragoljub"]
[Black "Jovic, Stevan"]
[Result "1/2-1/2"]
[WhiteElo "1814"]
[BlackElo "1987"]
[PlyCount "45"]
[EventDate "2022.01.17"]
[EventType "swiss"]
[EventRounds "9"]
[EventCountry "SRB"]
[SourceTitle "CBM 206 Extra"]
[Source "ChessBase"]
[SourceDate "2022.03.31"]
[SourceVersion "1"]
[SourceVersionDate "2022.03.31"]
[SourceQuality "1"]

1. d4 d5 2. Nf3 Nf6 3. g3 c5 4. Bg2 Nc6 5. 0-0 cxd4 6. Nxd4 e5 7. Nxc6 bxc6 8. c4 Be6 9. Qa4 Qd7 10. Nc3 Rc8 11. Rd1 d4 12. Ne4 Nxe4 13. Bxe4 c5 14. Qxd7+ Kxd7 15. b3 f5 16. Bg2 Bd6 17. e3 Ke7 18. exd4 exd4 19. Re1 Kf7 20. Bd2 Rhe8 21. Re2 Bd7 22. Rae1 Kf6 23. h4 1/2-1/2

[Event "Paracin Amateur op"]
[Site "Paracin"]
[Date "2020.02.04"]
[Round "7"]
[White "Dimkovski, Stojancho"]
[Black "Tosic, Dragoljub"]
[Result "1-0"]
[WhiteElo "1929"]
[BlackElo "1838"]
[PlyCount "87"]
[EventDate "2020.01.31"]
[EventType "swiss"]
[EventRounds "9"]
[EventCountry "SRB"]
[SourceTitle "CBM 194 Extra"]
[Source "ChessBase"]
[SourceDate "2020.03.31"]
[SourceVersion "1"]
[SourceVersionDate "2020.03.31"]
[SourceQuality "1"]

1. c4 e5 2. g3 Nf6 3. Bg2 d5 4. cxd5 Nxd5 5. Nf3 Nc6 6. 0-0 Be7 7. Nc3 Nb6 8. d3 0-0 9. Be3 Be6 10. Rc1 Nd5 11. Nxd5 Bxd5 12. a3 a5 13. Qa4 Bd6 14. Qb5 Ne7 15. Nd2 c6 16. Qa4 b5 17. Qd1 a4 18. Ne4 Rc8 19. Nxd6 Qxd6 20. Bc5 Qe6 21. Qd2 Rfe8 22. Bxe7 Rxe7 23. Qb4 Bxg2 24. Kxg2 Rd7 25. Qxb5 Rd4 26. Qc5 Qd5+ 27. Qxd5 Rxd5 28. Rc4 Ra5 29. Rfc1 c5 30. e3 Kf8 31. d4 exd4 32. exd4 Rb8 33. dxc5 Rxb2 34. c6 Rb8 35. Rd4 Ke7 36. Rd7+ Kf6 37. c7 Rc8 38. Rc6+ Ke5 39. Rxf7 g5 40. Rxh7 Kd5 41. Rc2 Kd6 42. Rh6+ Kd7 43. Rhc6 Rg8 44. c8Q+ 1-0

[Event "Paracin Winter op"]
[Site "Paracin"]
[Date "2019.02.06"]
[Round "9"]
[White "Tosic, Dragoljub"]
[Black "Djokic, Slavoljub"]
[Result "0-1"]
[WhiteElo "1861"]
[BlackElo "2131"]
[PlyCount "98"]
[EventDate "2019.01.31"]
[EventType "swiss"]
[EventRounds "9"]
[EventCountry "SRB"]
[SourceTitle "CBM 188 Extra"]
[Source "ChessBase"]
[SourceDate "2019.02.26"]
[SourceVersion "1"]
[SourceVersionDate "2019.02.26"]
[SourceQuality "1"]

1. d4 c5 2. d5 Nf6 3. Nf3 d6 4. Nc3 g6 5. e4 Bg7 6. Bd3 0-0 7. 0-0 Na6 8. Bxa6 bxa6 9. Bd2 Rb8 10. Rb1 Rb4 11. a3 Rb6 12. Qc1 Bg4 13. Ne1 Re8 14. h3 Bd7 15. Bh6 Bh8 16. f4 Qc7 17. f5 Nh5 18. g4 Ng3 19. Rf2 Bxc3 20. bxc3 Rxb1 21. Qxb1 Nxe4 22. Rf3 c4 23. fxg6 hxg6 24. Qc1 Qc5+ 25. Qe3 Qxd5 26. Qxa7 Qc5+ 27. Qxc5 Nxc5 28. Be3 Ne4 29. Ba7 Ra8 30. Bb6 Rb8 31. Bc7 Rb7 32. Ba5 f6 33. Kf1 Rb5 34. Bb4 a5 35. a4 Rd5 36. Ba3 Bxa4 37. Re3 f5 38. gxf5 gxf5 39. Nf3 Bxc2 40. Nd4 Bd3+ 41. Ke1 f4 42. Rf3 e5 43. Ne6 Rb5 44. Bc1 Rb1 45. Kd1 Nxc3+ 46. Kd2 Ne4+ 47. Kd1 a4 48. h4 a3 49. Ng5 Nxg5 0-1

[Event "Paracin Summer op-B 11th"]
[Site "Paracin"]
[Date "2018.07.07"]
[Round "2"]
[White "Dimitrijevic, Dusan"]
[Black "Tosic, Dragoljub"]
[Result "1/2-1/2"]
[WhiteElo "2088"]
[BlackElo "1842"]
[PlyCount "132"]
[EventDate "2018.07.06"]
[EventType "swiss"]
[EventRounds "9"]
[EventCountry "SRB"]
[SourceTitle "EXT 2019"]
[Source "ChessBase"]
[SourceDate "2018.10.10"]
[SourceVersion "1"]
[SourceVersionDate "2018.10.10"]
[SourceQuality "1"]

1. e4 d6 2. d4 Nf6 3. Nc3 g6 4. Bg5 Bg7 5. Qd2 h6 6. Bf4 Nbd7 7. 0-0-0 c6 8. e5 Nh5 9. exd6 Nxf4 10. Qxf4 0-0 11. Nf3 a5 12. dxe7 Qxe7 13. Bd3 Rd8 14. Rhe1 Qf8 15. h4 Nf6 16. Ne5 h5 17. Kb1 a4 18. Bc4 Nd5 19. Nxd5 cxd5 20. Bd3 a3 21. b3 Bh6 22. Qf3 Bg7 23. Qg3 Qb4 24. Qf4 Bxe5 25. Rxe5 Qc3 26. Qc1 Qxd4 27. f4 Bg4 28. Be2 Qc5 29. Bxg4 hxg4 30. f5 Qc3 31. Rexd5 Rxd5 32. Rxd5 Re8 33. Rd3 Qb4 34. fxg6 fxg6 35. Re3 Rxe3 36. Qxe3 Qf8 37. Qe6+ Kh7 38. Qd7+ Kg8 39. Qd5+ Kh7 40. Qxb7+ Kh6 41. Qb5 Kh7 42. Qd7+ Kh6 43. Qd2+ Kh7 44. c4 Qf1+ 45. Kc2 Qa1 46. Kd3 Qb1+ 47. Qc2 Qf1+ 48. Kc3 Qa1+ 49. Kd3 Qf1+ 50. Kd4 Qa1+ 51. Kd3 Qf1+ 52. Qe2 Qb1+ 53. Kd4 Qb2+ 54. Ke3 Qe5+ 55. Kd3 Qa1 56. c5 Qb1+ 57. Kc3 Qa1+ 58. Kb4 Qb2 59. Qe7+ Kh6 60. c6 Qxa2 61. c7 Qd2+ 62. Kxa3 Qa5+ 63. Kb2 Qd2+ 64. Kb1 Qd1+ 65. Ka2 Qd2+ 66. Ka1 Qd1+ 1/2-1/2

[Event "SRB-chT3 West CS"]
[Site "Serbia"]
[Date "2017.10.15"]
[Round "11.66"]
[White "Djokic, Miljko"]
[Black "Tosic, Dragoljub"]
[Result "1-0"]
[WhiteElo "1936"]
[BlackElo "1829"]
[PlyCount "111"]
[EventDate "2017.09.03"]
[EventType "team-tourn"]
[EventRounds "11"]
[EventCountry "SRB"]
[SourceTitle "EXT 2021"]
[Source "ChessBase"]
[SourceDate "2020.10.23"]
[SourceVersion "1"]
[SourceVersionDate "2020.10.23"]
[SourceQuality "1"]

1. e4 d6 2. d4 Nf6 3. Nc3 g6 4. Nf3 Bg7 5. Bc4 0-0 6. 0-0 Nc6 7. Bg5 h6 8. Be3 Ng4 9. Bc1 e5 10. dxe5 Ncxe5 11. Nxe5 Nxe5 12. Bb3 Be6 13. f4 Nc6 14. f5 Bd4+ 15. Kh1 Bxb3 16. axb3 Kh7 17. Qd2 g5 18. h4 f6 19. Rf3 Be5 20. hxg5 hxg5 21. Qe2 Kg7 22. Be3 Nd4 23. Bxd4 Bxd4 24. Rh3 Rh8 25. Qg4 Rxh3+ 26. gxh3 c6 27. Rd1 Be5 28. Kg2 Qh8 29. Ne2 Kf7 30. c4 b6 31. Nd4 Bxd4 32. Rxd4 Ke7 33. Qg3 Rd8 34. b4 c5 35. bxc5 bxc5 36. Rd3 Qh4 37. Qxh4 gxh4 38. Rb3 Rg8+ 39. Kf2 Rg5 40. Rb7+ Ke8 41. Rxa7 Rg3 42. Ra3 Rg5 43. Rf3 Kd7 44. Rf4 Rg3 45. Rxh4 Rb3 46. Rh7+ Ke8 47. h4 Rxb2+ 48. Ke3 Rc2 49. Kd3 Rb2 50. h5 Rb3+ 51. Kd2 Rb2+ 52. Ke3 Rc2 53. Kd3 Rb2 54. h6 Rb3+ 55. Ke2 Kf8 56. Rd7 1-0

[Event "Paracin-ch"]
[Site "Paracin"]
[Date "2016.01.24"]
[Round "8"]
[White "Radosavljevic, Slobodan D"]
[Black "Tosic, Dragoljub"]
[Result "1-0"]
[WhiteElo "2186"]
[BlackElo "1860"]
[PlyCount "75"]
[EventDate "2016.01.19"]
[EventType "swiss"]
[EventRounds "9"]
[EventCountry "SRB"]
[SourceTitle "CBM 170 Extra"]
[Source "ChessBase"]
[SourceDate "2016.02.25"]
[SourceVersion "1"]
[SourceVersionDate "2016.02.25"]
[SourceQuality "1"]

1. Nf3 d5 2. g3 Nf6 3. Bg2 e6 4. 0-0 Nbd7 5. d3 c6 6. c4 dxc4 7. dxc4 a5 8. Nc3 Bb4 9. Qc2 Bxc3 10. Qxc3 a4 11. b4 axb3 12. axb3 Rxa1 13. Qxa1 Qb6 14. Qa3 c5 15. Ne1 Qc7 16. Nd3 b6 17. b4 0-0 18. bxc5 bxc5 19. Be3 Ng4 20. Bxc5 Nxc5 21. Qxc5 Qxc5 22. Nxc5 f5 23. Nd3 Nf6 24. Ra1 Ne8 25. f4 Nd6 26. Ne5 Nb7 27. Ra7 Nd6 28. h4 g6 29. Kf2 Ne8 30. Bf3 Nd6 31. Ke3 Rd8 32. Ra8 Kf8 33. c5 Ne4 34. Bxe4 fxe4 35. c6 Ke7 36. Ra7+ Ke8 37. Rxh7 Ba6 38. Rh8+ 1-0

[Event "Paracin-ch"]
[Site "Paracin"]
[Date "2016.01.24"]
[Round "9"]
[White "Tosic, Dragoljub"]
[Black "Radosavljevic, Nenad"]
[Result "1-0"]
[WhiteElo "1860"]
[BlackElo "1954"]
[PlyCount "87"]
[EventDate "2016.01.19"]
[EventType "swiss"]
[EventRounds "9"]
[EventCountry "SRB"]
[SourceTitle "CBM 170 Extra"]
[Source "ChessBase"]
[SourceDate "2016.02.25"]
[SourceVersion "1"]
[SourceVersionDate "2016.02.25"]
[SourceQuality "1"]

1. Nf3 Nf6 2. c4 e6 3. Nc3 d5 4. d4 Nbd7 5. g3 dxc4 6. Qa4 Be7 7. Bg2 0-0 8. Qxc4 Nb6 9. Qb3 Nfd5 10. 0-0 c6 11. Rd1 Nxc3 12. bxc3 Qc7 13. a4 Rb8 14. a5 Nd7 15. e4 e5 16. Be3 b6 17. a6 Re8 18. Ng5 Bxg5 19. Bxg5 Nf8 20. Rd2 h6 21. Be3 Bg4 22. h3 Be6 23. c4 Qc8 24. Kh2 exd4 25. Bf4 c5 26. Bxb8 Qxb8 27. f4 g6 28. e5 Qc7 29. Bd5 Rd8 30. Qf3 Qd7 31. Bc6 Qc7 32. Bd5 Bc8 33. h4 Ne6 34. f5 gxf5 35. Qxf5 Ng7 36. Qf6 Nh5 37. Qxh6 Qxe5 38. Qg6+ Kh8 39. Bxf7 Nf6 40. Qh6+ Nh7 41. Bg6 Qg7 42. Qh5 Be6 43. Bxh7 Bg4 44. Qg6 1-0

[Event "Paracin-ch"]
[Site "Paracin"]
[Date "2016.01.23"]
[Round "6"]
[White "Djokic, Slavoljub"]
[Black "Tosic, Dragoljub"]
[Result "1-0"]
[WhiteElo "2170"]
[BlackElo "1860"]
[PlyCount "65"]
[EventDate "2016.01.19"]
[EventType "swiss"]
[EventRounds "9"]
[EventCountry "SRB"]
[SourceTitle "CBM 170 Extra"]
[Source "ChessBase"]
[SourceDate "2016.02.25"]
[SourceVersion "1"]
[SourceVersionDate "2016.02.25"]
[SourceQuality "1"]

1. c4 Nf6 2. Nc3 e6 3. Nf3 d5 4. cxd5 exd5 5. d4 Nbd7 6. Bg5 Be7 7. g3 c6 8. Bg2 h6 9. Bxf6 Nxf6 10. 0-0 0-0 11. Ne5 Bf5 12. a3 Qc8 13. Re1 Bh3 14. Bh1 Bd6 15. Rc1 Qf5 16. f4 Kh8 17. b4 a6 18. Qb3 Bxe5 19. dxe5 Ng4 20. e4 dxe4 21. Nxe4 Rad8 22. Nc5 Rd2 23. Be4 Qh5 24. Rc2 Rfd8 25. Qc3 Rd1 26. Rce2 Nxh2 27. Rxd1 Rxd1+ 28. Re1 Nf3+ 29. Bxf3 Rxe1+ 30. Qxe1 Qxf3 31. Qf2 Qxa3 32. f5 Qxb4 33. e6 1-0

[Event "Paracin-ch"]
[Site "Paracin"]
[Date "2016.01.20"]
[Round "2"]
[White "Miljkovic, Miroslav M"]
[Black "Tosic, Dragoljub"]
[Result "1/2-1/2"]
[WhiteElo "2138"]
[BlackElo "1860"]
[PlyCount "165"]
[EventDate "2016.01.19"]
[EventType "swiss"]
[EventRounds "9"]
[EventCountry "SRB"]
[SourceTitle "CBM 170 Extra"]
[Source "ChessBase"]
[SourceDate "2016.02.25"]
[SourceVersion "1"]
[SourceVersionDate "2016.02.25"]
[SourceQuality "1"]

1. d4 Nf6 2. c4 d5 3. Nc3 e6 4. Nf3 Be7 5. Bg5 Nbd7 6. e3 b6 7. cxd5 Nxd5 8. Bxe7 Nxe7 9. Bd3 Bb7 10. Rc1 a6 11. 0-0 c5 12. Ne4 Nf6 13. Nxf6+ gxf6 14. dxc5 Rg8 15. Be2 Bd5 16. Qc2 f5 17. Rfd1 b5 18. g3 Qc7 19. Nd4 Be4 20. Bd3 Bd5 21. Bxf5 exf5 22. Nxf5 0-0-0 23. e4 Bc6 24. Nd6+ Kb8 25. Qb3 Nc8 26. Nxf7 Rxd1+ 27. Rxd1 Rf8 28. Nd6 Qe7 29. f3 h5 30. Qc3 h4 31. Nf5 Qg5 32. Qe5+ Ka8 33. Qc7 Na7 34. Qd6 Rh8 35. Qd4 Rg8 36. Qd2 Qf6 37. g4 h3 38. Qd4 Qg5 39. Ne3 Qf4 40. Rf1 Nc8 41. Nd5 Qg5 42. Qf6 Bxd5 43. Qxg5 Rxg5 44. exd5 Rxd5 45. Kf2 Rd2+ 46. Kg3 Rxb2 47. Ra1 Rc2 48. Kxh3 Rxc5 49. Kg3 Ne7 50. h4 Kb8 51. Re1 Nd5 52. Re6 Nc7 53. Re2 Kc8 54. g5 Kd7 55. f4 Ne6 56. Re4 Ke7 57. Kg4 Kf7 58. f5 Ng7 59. f6 Ne6 60. Re1 Rc4+ 61. Kh5 Nf4+ 62. Kh6 Ng6 63. h5 Rh4 64. Rc1 Nf4 65. Rc7+ Ke6 66. Kg7 Rxh5 67. Rc5 Kd6 68. Rf5 Ne6+ 69. Kg6 Rh8 70. a4 b4 71. Ra5 Ra8 72. f7 Ke7 73. Re5 b3 74. Kf5 Kxf7 75. Rxe6 Rb8 76. Re1 Rb4 77. g6+ Kf8 78. Kf6 Rb6+ 79. Ke5 Rxg6 80. Rb1 Rb6 81. Kd4 Rb4+ 82. Kc3 Rxa4 83. Kxb3 1/2-1/2

[Event "SRB Central-ch op-B 7th"]
[Site "Paracin"]
[Date "2014.07.07"]
[Round "4"]
[White "Tosic, Dragoljub"]
[Black "Manelidis, Savvas"]
[Result "0-1"]
[WhiteElo "1952"]
[BlackElo "2000"]
[PlyCount "53"]
[EventDate "2014.07.04"]
[EventType "swiss"]
[EventRounds "9"]
[EventCountry "SRB"]
[SourceTitle "CBM 161 Extra"]
[Source "ChessBase"]
[SourceDate "2014.08.29"]
[SourceVersion "1"]
[SourceVersionDate "2014.08.29"]
[SourceQuality "1"]

1. d4 d5 2. Nf3 Nf6 3. c4 e6 4. Bg5 Be7 5. e3 c6 6. Nc3 0-0 7. Bxf6 Bxf6 8. cxd5 exd5 9. Bd3 a5 10. Qc2 h6 11. h4 Na6 12. Ng5 Nb4 13. Bh7+ Kh8 14. Qb1 Bxg5 15. hxg5 Qxg5 16. Ne2 f5 17. a3 Na6 18. Nf4 Kxh7 19. Qd3 Nc7 20. 0-0 Ne6 21. Nh3 Qg6 22. f4 b6 23. Qd2 Ba6 24. Qc3 Bb5 25. Qc2 Qg3 26. b3 Ba6 27. Rfe1 0-1

[Event "SRB Central-ch op-B 7th"]
[Site "Paracin"]
[Date "2014.07.05"]
[Round "2"]
[White "Tosic, Dragoljub"]
[Black "Mijajlovic, Jovan"]
[Result "1/2-1/2"]
[WhiteElo "1952"]
[BlackElo "1602"]
[PlyCount "89"]
[EventDate "2014.07.04"]
[EventType "swiss"]
[EventRounds "9"]
[EventCountry "SRB"]
[SourceTitle "CBM 161 Extra"]
[Source "ChessBase"]
[SourceDate "2014.08.29"]
[SourceVersion "1"]
[SourceVersionDate "2014.08.29"]
[SourceQuality "1"]

1. d4 Nf6 2. Nf3 e6 3. g3 b5 4. Bg2 Bb7 5. 0-0 c5 6. c4 bxc4 7. Qa4 Qb6 8. Qxc4 d5 9. Qa4+ Nc6 10. Rd1 cxd4 11. Nxd4 Bc5 12. e3 0-0 13. Nc3 Rfd8 14. Nb3 Be7 15. Bd2 e5 16. Be1 d4 17. exd4 exd4 18. Ne2 d3 19. Nf4 Ne5 20. Ba5 Qa6 21. Bxb7 Qxb7 22. Nd2 Rdc8 23. Bc3 Nfd7 24. Qe4 Qxe4 25. Nxe4 f5 26. Nd2 g5 27. Nd5 Bc5 28. Nb3 Kf7 29. Re1 Nf3+ 30. Kf1 Nxe1 31. Bxe1 Nb6 32. Nxc5 Rxc5 33. Nxb6 axb6 34. Bc3 Re8 35. Rd1 Rd5 36. Re1 Rxe1+ 37. Kxe1 g4 38. Kd2 Ke6 39. Ke3 Kd6 40. Bb4+ Kc6 41. a4 Kd7 42. Bc3 Kd6 43. b4 Ke6 44. Bd2 Rd7 45. Bc3 1/2-1/2

[Event "SRB Central-ch op"]
[Site "Vrnjacka Banja"]
[Date "2014.03.20"]
[Round "6"]
[White "Jokic, Miodrag"]
[Black "Tosic, Dragoljub"]
[Result "1-0"]
[WhiteElo "2103"]
[BlackElo "1966"]
[PlyCount "74"]
[EventDate "2014.03.17"]
[EventType "swiss"]
[EventRounds "9"]
[EventCountry "SRB"]
[SourceTitle "CBM 159 Extra"]
[Source "ChessBase"]
[SourceDate "2014.04.24"]
[SourceVersion "1"]
[SourceVersionDate "2014.04.24"]
[SourceQuality "1"]

1. d4 Nf6 2. c4 d5 3. Nc3 g6 4. Nf3 Bg7 5. e3 0-0 6. Be2 c5 7. dxc5 Qa5 8. 0-0 Qxc5 9. cxd5 Rd8 10. Qb3 Nxd5 11. Nxd5 Rxd5 12. Bc4 Rf5 13. e4 Rf6 14. Be3 Qh5 15. Ng5 e6 16. Qc2 Nc6 17. Be2 Nd4 18. Qxc8+ Rxc8 19. Bxh5 Nc2 20. Bg4 Nxe3 21. fxe3 Rc2 22. e5 Rxf1+ 23. Rxf1 Bh6 24. Nxf7 Bxe3+ 25. Kh1 Rxb2 26. Bxe6 Kg7 27. g3 a5 28. h4 h5 29. Bb3 a4 30. Bd5 Rf2 31. Rxf2 Bxf2 32. Kg2 Be1 33. Nd6 b6 34. Bc6 a3 35. Nc4 Bb4 36. Kf3 Bc3 37. Kf4 Bb4 1-0

[Event "SRB Central-ch op"]
[Site "Vrnjacka Banja"]
[Date "2014.03.19"]
[Round "4"]
[White "Ratkovic, Petar"]
[Black "Tosic, Dragoljub"]
[Result "0-1"]
[WhiteElo "1783"]
[BlackElo "1966"]
[PlyCount "102"]
[EventDate "2014.03.17"]
[EventType "swiss"]
[EventRounds "9"]
[EventCountry "SRB"]
[SourceTitle "CBM 159 Extra"]
[Source "ChessBase"]
[SourceDate "2014.04.24"]
[SourceVersion "1"]
[SourceVersionDate "2014.04.24"]
[SourceQuality "1"]

1. d4 Nf6 2. Nf3 d5 3. c4 g6 4. Nc3 Bg7 5. Bf4 0-0 6. e3 c5 7. dxc5 Qa5 8. Qb3 Ne4 9. Be5 f6 10. Bxb8 Rxb8 11. cxd5 Nxc5 12. Qb5 Qc7 13. Qc4 Qd6 14. Be2 a6 15. a4 f5 16. 0-0 h6 17. Rab1 Bd7 18. Nd4 Rfc8 19. Qb4 Kh7 20. Rfd1 Be5 21. Nf3 Bxc3 22. Qxc3 Nxa4 23. Qe5 Rc5 24. b4 Rc7 25. Rdc1 Rbc8 26. Rxc7 Rxc7 27. Bf1 Nc3 28. Rb2 Nxd5 29. Qxd6 exd6 30. Rd2 Be6 31. h4 b5 32. h5 Rc1 33. g3 gxh5 34. Nd4 Bd7 35. Nxf5 Bxf5 36. Rxd5 Bh3 37. Rxd6 Bxf1 38. Rxa6 Bc4+ 39. Kg2 Bd5+ 40. f3 Rc2+ 41. Kf1 Bxf3 42. Rf6 Be2+ 43. Ke1 Bc4 44. Rf2 Rc1+ 45. Kd2 Rb1 46. Kc3 Rb3+ 47. Kd4 Rxb4 48. e4 Rb3 49. Rg2 Kg6 50. e5 Rd3+ 51. Ke4 Bd5+ 0-1

[Event "SRB Central-ch op"]
[Site "Vrnjacka Banja"]
[Date "2014.03.18"]
[Round "2"]
[White "Stanojevic, Branko"]
[Black "Tosic, Dragoljub"]
[Result "1/2-1/2"]
[WhiteElo "2271"]
[BlackElo "1966"]
[PlyCount "55"]
[EventDate "2014.03.17"]
[EventType "swiss"]
[EventRounds "9"]
[EventCountry "SRB"]
[SourceTitle "CBM 159 Extra"]
[Source "ChessBase"]
[SourceDate "2014.04.24"]
[SourceVersion "1"]
[SourceVersionDate "2014.04.24"]
[SourceQuality "1"]

1. Nf3 c5 2. g3 Nc6 3. Bg2 g6 4. c4 Bg7 5. Nc3 Nf6 6. 0-0 0-0 7. d4 cxd4 8. Nxd4 Qb6 9. Nc2 d6 10. b3 Bd7 11. Bb2 Rfd8 12. Ne3 Qa5 13. Nb5 a6 14. Bc3 Qb6 15. Bxf6 exf6 16. Nd5 Qc5 17. Nbc7 Rac8 18. b4 Qxc4 19. Nb6 Qxb4 20. Nxc8 Bxc8 21. Rc1 Qa5 22. Bxc6 bxc6 23. Rxc6 Bh3 24. Rxd6 Rxd6 25. Qxd6 Bxf1 26. Kxf1 Qxa2 27. Qxa6 Qb1+ 28. Kg2 1/2-1/2

[Event "SRB Central-ch op"]
[Site "Vrnjacka Banja"]
[Date "2014.03.18"]
[Round "3"]
[White "Tosic, Dragoljub"]
[Black "Ilic, Zoran S"]
[Result "0-1"]
[WhiteElo "1966"]
[BlackElo "2297"]
[PlyCount "68"]
[EventDate "2014.03.17"]
[EventType "swiss"]
[EventRounds "9"]
[EventCountry "SRB"]
[SourceTitle "CBM 159 Extra"]
[Source "ChessBase"]
[SourceDate "2014.04.24"]
[SourceVersion "1"]
[SourceVersionDate "2014.04.24"]
[SourceQuality "1"]

1. Nf3 Nf6 2. c4 g6 3. d4 Bg7 4. Nc3 0-0 5. g3 d6 6. Bg2 Nbd7 7. 0-0 e5 8. h3 c6 9. a4 a5 10. Qc2 Re8 11. Rd1 Qc7 12. Bd2 h6 13. Be1 e4 14. Nd2 e3 15. Nf1 exf2+ 16. Bxf2 Nf8 17. Rac1 N8h7 18. e4 Ng5 19. g4 Bd7 20. Bg3 c5 21. e5 dxe5 22. dxe5 Rxe5 23. Nd5 Nxd5 24. cxd5 Qb6 25. Bxe5 Bxe5 26. Qxc5 Qxc5+ 27. Rxc5 Bxa4 28. Rd2 Bd6 29. Rc4 Bb5 30. Rcc2 Re8 31. b3 Kg7 32. Rd1 a4 33. b4 a3 34. Rc5 Bd7 0-1

[Event "SRB Central-ch op"]
[Site "Vrnjacka Banja"]
[Date "2014.03.17"]
[Round "1"]
[White "Tosic, Dragoljub"]
[Black "Dudukovic, Nikola"]
[Result "0-1"]
[WhiteElo "1966"]
[BlackElo "2364"]
[PlyCount "74"]
[EventDate "2014.03.17"]
[EventType "swiss"]
[EventRounds "9"]
[EventCountry "SRB"]
[SourceTitle "CBM 159 Extra"]
[Source "ChessBase"]
[SourceDate "2014.04.24"]
[SourceVersion "1"]
[SourceVersionDate "2014.04.24"]
[SourceQuality "1"]

1. d4 Nf6 2. c4 c5 3. Nc3 cxd4 4. Qxd4 Nc6 5. Qd3 g6 6. Nf3 Bg7 7. a3 d6 8. h3 0-0 9. e4 Be6 10. Be2 Rc8 11. Rb1 Nd7 12. b3 Nde5 13. Qd2 Nxf3+ 14. Bxf3 Nd4 15. Bd1 b5 16. Ne2 Nxe2 17. Bxe2 bxc4 18. bxc4 Bxc4 19. 0-0 Qd7 20. Bg4 Qc7 21. Rd1 Rb8 22. Bb2 Rxb2 23. Rxb2 Bxb2 24. Qxb2 Qa5 25. f4 d5 26. exd5 Bxd5 27. f5 Rd8 28. Qe5 Qc5+ 29. Kh2 Qd6 30. Qxd6 Rxd6 31. f6 Kf8 32. fxe7+ Kxe7 33. Re1+ Be6 34. Bf3 Rd3 35. a4 Kd6 36. a5 Ra3 37. Rd1+ Ke7 0-1

[Event "Paracin-ch"]
[Site "Paracin"]
[Date "2014.01.18"]
[Round "8"]
[White "Tosic, Dragoljub"]
[Black "Stefanovic, Vladimir"]
[Result "0-1"]
[WhiteElo "1990"]
[BlackElo "2201"]
[PlyCount "78"]
[EventDate "2014.01.10"]
[EventType "swiss"]
[EventRounds "9"]
[EventCountry "SRB"]
[SourceTitle "CBM 158 Extra"]
[Source "ChessBase"]
[SourceDate "2014.02.28"]
[SourceVersion "1"]
[SourceVersionDate "2014.02.28"]
[SourceQuality "1"]

1. d4 Nf6 2. Nf3 g6 3. g3 Bg7 4. Bg2 0-0 5. 0-0 c5 6. c4 cxd4 7. Nxd4 Nc6 8. Nc3 Nxd4 9. Qxd4 d6 10. Qd3 a6 11. Bd2 Rb8 12. Rac1 Bd7 13. b3 b5 14. cxb5 axb5 15. Rfd1 b4 16. Nd5 Nxd5 17. Qxd5 Qb6 18. e4 Qa6 19. Bg5 Rfe8 20. Rc2 Rb5 21. Qd3 Ra5 22. Qxa6 Rxa6 23. Bf1 Ra5 24. Be3 Rea8 25. Rc7 Be6 26. Rxe7 Rxa2 27. Rb7 Bxb3 28. Rxd6 Bf8 29. Rdb6 h6 30. Rb8 Kg7 31. Kg2 g5 32. Rxa8 Rxa8 33. Bd3 Rd8 34. Be2 Bc2 35. Bc4 Bxe4+ 36. f3 Bd5 37. Bd3 Kg8 38. Bf5 Re8 39. Bd4 Ra8 0-1

[Event "Paracin-ch"]
[Site "Paracin"]
[Date "2013.01.19"]
[Round "7"]
[White "Ljuboja, Ognjen"]
[Black "Tosic, Dragoljub"]
[Result "1/2-1/2"]
[WhiteElo "1797"]
[BlackElo "1979"]
[PlyCount "75"]
[EventDate "2013.01.11"]
[EventType "swiss"]
[EventRounds "9"]
[EventCountry "SRB"]
[SourceTitle "EXT 2019"]
[Source "ChessBase"]
[SourceDate "2018.10.10"]
[SourceVersion "1"]
[SourceVersionDate "2018.10.10"]
[SourceQuality "1"]

1. e4 g6 2. d4 Bg7 3. Nf3 d6 4. Nc3 Nf6 5. Be2 c6 6. a4 Qa5 7. 0-0 Bg4 8. h3 Bxf3 9. Bxf3 Nbd7 10. Be3 0-0 11. g4 Rfd8 12. Ne2 e5 13. g5 Ne8 14. c3 Kh8 15. b4 Qc7 16. a5 f5 17. Ra2 Nf8 18. Bc1 Qe7 19. Qd3 f4 20. h4 Qe6 21. d5 Qh3 22. h5 gxh5 23. Bxf4 exf4 24. Nxf4 Qh4 25. Nxh5 Be5 26. Ng3 Bxg3 27. fxg3 Qxg3+ 28. Rg2 Qe5 29. Bh5 Ng7 30. Bf7 Rd7 31. g6 Nxg6 32. Bxg6 hxg6 33. Qh3+ Nh5 34. Qxd7 Qxc3 35. Rxg6 Qe3+ 36. Kh2 Qe2+ 37. Kg1 Qe3+ 38. Kg2 1/2-1/2

[Event "Paracin-ch"]
[Site "Paracin"]
[Date "2013.01.13"]
[Round "5"]
[White "Milosavljevic, Radosav"]
[Black "Tosic, Dragoljub"]
[Result "0-1"]
[WhiteElo "1746"]
[BlackElo "1979"]
[PlyCount "94"]
[EventDate "2013.01.11"]
[EventType "swiss"]
[EventRounds "9"]
[EventCountry "SRB"]
[SourceTitle "EXT 2019"]
[Source "ChessBase"]
[SourceDate "2018.10.10"]
[SourceVersion "1"]
[SourceVersionDate "2018.10.10"]
[SourceQuality "1"]

1. e4 c5 2. Nf3 Nc6 3. d4 cxd4 4. Nxd4 Nf6 5. Nc3 a6 6. Be3 d6 7. a3 Bd7 8. Be2 Rc8 9. 0-0 e6 10. Qd2 Be7 11. Rad1 Ne5 12. Nf3 Nc4 13. Bxc4 Rxc4 14. e5 dxe5 15. Nxe5 Rc8 16. Bg5 Bc6 17. Nxc6 Rxc6 18. Qxd8+ Bxd8 19. Ne4 Be7 20. Bxf6 gxf6 21. Rd2 f5 22. Ng3 h5 23. c3 h4 24. Ne2 e5 25. Rfd1 Rhh6 26. Rd5 Rhd6 27. Rxd6 Bxd6 28. Kf1 Ke7 29. Rd3 Ke6 30. f4 Rb6 31. b4 e4 32. Rh3 Be7 33. c4 Rd6 34. Ke1 Bf6 35. Nc3 Rd4 36. Nd5 Rxc4 37. Nxf6 Kxf6 38. Rxh4 Rc3 39. Rh3 Rxh3 40. gxh3 Kg6 41. Kf2 Kh5 42. Kg3 b6 43. a4 f6 44. a5 b5 45. Kf2 Kh4 46. Kg2 e3 47. Kf3 Kxh3 0-1

[Event "SRB Central-ch op-B 5th"]
[Site "Paracin"]
[Date "2012.07.10"]
[Round "5"]
[White "Tosic, Dragoljub"]
[Black "Radzhabov, Rodion"]
[Result "1-0"]
[WhiteElo "1998"]
[BlackElo "1867"]
[PlyCount "78"]
[EventDate "2012.07.06"]
[EventType "swiss"]
[EventRounds "9"]
[EventCountry "SRB"]
[SourceTitle "CBM 149 Extra"]
[Source "ChessBase"]
[SourceDate "2012.08.24"]
[SourceVersion "1"]
[SourceVersionDate "2012.08.24"]
[SourceQuality "1"]

1. d4 d5 2. Nf3 Nf6 3. g3 c6 4. Bg2 Bf5 5. 0-0 e6 6. c4 Nbd7 7. Qb3 Qb6 8. c5 Qa6 9. Nc3 Be7 10. Nh4 0-0 11. Nxf5 exf5 12. Rd1 Ne4 13. Bf1 b6 14. cxb6 axb6 15. Bd2 Nxd2 16. Rxd2 Nf6 17. Rc1 Qa5 18. Bg2 Rfd8 19. Rdc2 Ra7 20. a3 Bf8 21. Nd1 c5 22. Ne3 c4 23. Qc3 Qxc3 24. Rxc3 g6 25. Nc2 Ne4 26. Bxe4 fxe4 27. g4 Bh6 28. e3 f5 29. Nb4 Rd6 30. h3 Rf7 31. b3 b5 32. a4 Rb7 33. axb5 Rxb5 34. Nxd5 Rbxd5 35. bxc4 Rxd4 36. exd4 Bxc1 37. Rxc1 Rd7 38. c5 Rd8 39. Kf1 Kf7 1-0